Newest Countries by Continent - Statistics

General Stats
  • This quiz has been taken 1,184 times
  • The average score is 4 of 6
Answer Stats
Year Continent Country % Correct
2011 Africa South Sudan
94%
2008 Europe Kosovo
89%
1975 South America Suriname
75%
2002 Asia Timor-Leste
68%
1994 Australia Palau
61%
1983 North America St. Kitts & Nevis
55%
No matching quizzes found
Score Distribution
Percent of People with Each Score
Percentile by Number Answered
Your Score History
You have not taken this quiz